[Event "NB II. Toth Laszlo csoport"]
[Site "Szeged"]
[Date "2023.12.10"]
[Round "3.1"]
[White "Pap, Peter"]
[Black "Tapodi, Norman Lajos"]
[Result "1/2-1/2"]
[WhiteElo "2169"]
[BlackElo "2093"]
[PlyCount "135"]
[EventDate "2023.10.08"]
[EventType "team-tourn"]
[EventRounds "9"]
[EventCountry "HUN"]
[Source "chess.hu"]
[WhiteTeam "Maroczy SE II."]
[BlackTeam "Meritum Egyesulet"]
[WhiteTeamCountry "HUN"]
[BlackTeamCountry "HUN"]

1. e4 c5 2. Nf3 d6 3. d4 cxd4 4. Nxd4 Nf6 5. Nc3 a6 6. Rg1 e5 7. Nb3 Be6 8. g4
d5 9. exd5 Nxd5 10. Nxd5 Qxd5 11. Qxd5 Bxd5 12. Be3 Nc6 13. O-O-O O-O-O 14. Bb6
Rd7 15. g5 Be6 16. Rxd7 Kxd7 17. Bg2 Be7 18. Nc5+ Bxc5 19. Bxc5 h6 20. g6 f6
21. Bb6 Kc8 22. Rd1 Bf5 23. Bd5 Ne7 24. Bf7 Kb8 25. Rg1 h5 26. Bc5 Nc6 27. Rd1
Kc7 28. c3 b6 29. Bd6+ Kb7 30. a4 Rd8 31. Rd2 Be4 32. b4 b5 33. axb5 axb5 34.
Bc5 Bd3 35. Ra2 e4 36. c4 Bxc4 37. Bxc4 bxc4 38. b5 Ne5 39. Ra7+ Kb8 40. Bb6
Rd7 41. Rxd7 Nxd7 42. Bd4 Nf8 43. Bxf6 Nxg6 44. Bxg7 Ne7 45. Bd4 Kb7 46. Kb2
Nd5 47. Ka3 Kc8 48. Ka4 Kc7 49. Ka5 Kb7 50. Ka4 Kc7 51. Ka5 Kb7 52. Bb2 c3 53.
Bc1 c2 54. Ka4 Kb6 55. Kb3 Kxb5 56. Kxc2 Kc5 57. Kd2 Kd6 58. Ke2 Ke5 59. h4 Kf5
60. f3 Nc3+ 61. Ke3 exf3 62. Kxf3 Ne4 63. Kg2 Kg4 64. Bg5 Nxg5 65. hxg5 Kxg5
66. Kg3 h4+ 67. Kh2 h3 68. Kxh3 1/2-1/2

[Event "NB II. Toth Laszlo csoport"]
[Site "Szeged"]
[Date "2023.12.10"]
[Round "3.2"]
[White "Peczeli, Zoltan"]
[Black "Megyaszai, Balazs"]
[Result "1/2-1/2"]
[WhiteElo "2055"]
[BlackElo "2004"]
[PlyCount "45"]
[EventDate "2023.10.08"]
[EventType "team-tourn"]
[EventRounds "9"]
[EventCountry "HUN"]
[Source "chess.hu"]
[WhiteTeam "Meritum Egyesulet"]
[BlackTeam "Maroczy SE II."]
[WhiteTeamCountry "HUN"]
[BlackTeamCountry "HUN"]

1. d4 d5 2. c4 e6 3. Nc3 c6 4. cxd5 exd5 5. Qc2 Bd6 6. Nf3 Ne7 7. Bg5 O-O 8. e3
Bf5 9. Bxe7 Bxc2 10. Bxd8 Rxd8 11. Rc1 Bf5 12. Nh4 Bc8 13. Bd3 Nd7 14. Nf5 Bf8
15. O-O Nf6 16. Ng3 g6 17. Na4 Bd6 18. Nc5 b6 19. Na4 Bd7 20. Ne2 Re8 21. Nac3
Kg7 22. Rfd1 Re7 23. Bb1 1/2-1/2

[Event "NB II. Toth Laszlo csoport"]
[Site "Szeged"]
[Date "2023.12.10"]
[Round "3.3"]
[White "Kevei, Peter"]
[Black "Varga, Gabor"]
[Result "1-0"]
[WhiteElo "2126"]
[BlackElo "1933"]
[PlyCount "63"]
[EventDate "2023.10.08"]
[EventType "team-tourn"]
[EventRounds "9"]
[EventCountry "HUN"]
[Source "chess.hu"]
[WhiteTeam "Maroczy SE II."]
[BlackTeam "Meritum Egyesulet"]
[WhiteTeamCountry "HUN"]
[BlackTeamCountry "HUN"]

1. e4 c5 2. Nf3 e6 3. d4 cxd4 4. Nxd4 a6 5. Bd3 Qc7 6. O-O Nf6 7. c4 Be7 8. Nc3
O-O 9. b3 b5 10. Bb2 b4 11. Nce2 Bb7 12. Ng3 d6 13. Nc2 a5 14. f4 Nbd7 15. Re1
Nc5 16. Nd4 Qb6 17. e5 Nxd3 18. Qxd3 Nd7 19. Kh1 Rfd8 20. Qe2 dxe5 21. fxe5 Nf8
22. Qg4 Ng6 23. Nh5 Bc5 24. Nb5 Rd2 25. Re2 Rxe2 26. Qxe2 Nh4 27. Nf4 Be3 28.
Qg4 Qd8 29. Nd6 Bc6 30. Nxe6 Bxg2+ 31. Qxg2 fxe6 32. Qh3 1-0

[Event "NB II. Toth Laszlo csoport"]
[Site "Szeged"]
[Date "2023.12.10"]
[Round "3.4"]
[White "Szilassi, Abel"]
[Black "Toth, Daniel"]
[Result "0-1"]
[WhiteElo "1908"]
[BlackElo "2030"]
[PlyCount "56"]
[EventDate "2023.10.08"]
[EventType "team-tourn"]
[EventRounds "9"]
[EventCountry "HUN"]
[Source "chess.hu"]
[WhiteTeam "Meritum Egyesulet"]
[BlackTeam "Maroczy SE II."]
[WhiteTeamCountry "HUN"]
[BlackTeamCountry "HUN"]

1. e4 c5 2. Nf3 Nc6 3. d4 cxd4 4. Nxd4 Nf6 5. Nc3 e5 6. Ndb5 d6 7. Nd5 Nxd5 8.
exd5 Nb8 9. c4 a6 10. Qa4 Bd7 11. Qa3 Bxb5 12. cxb5 Nd7 13. bxa6 bxa6 14. Be3
f5 15. Rc1 Be7 16. Bxa6 O-O 17. b4 e4 18. O-O f4 19. Bd4 Bf6 20. Bxf6 Rxf6 21.
Rc4 Ne5 22. Rxe4 f3 23. g3 Qd7 24. Rc1 Qh3 25. Bf1 Qxf1+ 26. Kxf1 Rxa3 27. Rc8+
Rf8 28. Rc2 Rfa8 0-1

[Event "NB II. Toth Laszlo csoport"]
[Site "Szeged"]
[Date "2023.12.10"]
[Round "3.6"]
[White "Havasi, Gergely Bulcsu"]
[Black "Borus, Andras"]
[Result "1-0"]
[WhiteElo "1801"]
[BlackElo "1978"]
[PlyCount "65"]
[EventDate "2023.10.08"]
[EventType "team-tourn"]
[EventRounds "9"]
[EventCountry "HUN"]
[Source "chess.hu"]
[WhiteTeam "Meritum Egyesulet"]
[BlackTeam "Maroczy SE II."]
[WhiteTeamCountry "HUN"]
[BlackTeamCountry "HUN"]

1. e4 d6 2. d4 Nf6 3. Bd3 g6 4. h3 Bg7 5. Nf3 c6 6. O-O O-O 7. c3 b5 8. Bf4
Nbd7 9. Re1 Nb6 10. Qd2 a6 11. Bh6 Qc7 12. Bxg7 Kxg7 13. Na3 h6 14. Nc2 e5 15.
Qe3 Rb8 16. Rad1 Na4 17. Qc1 a5 18. Ne3 Qe7 19. b3 Nb6 20. c4 bxc4 21. Nxc4
Nxc4 22. Bxc4 Re8 23. dxe5 dxe5 24. Qd2 Qb4 25. Qd6 Qxd6 26. Rxd6 Bb7 27. Red1
Re7 28. Nd2 Rc8 29. f3 Rcc7 30. Bf1 Ne8 31. Rd8 Rc8 32. Nc4 Nc7 33. Nxa5 1-0

[Event "NB II. Toth Laszlo csoport"]
[Site "Szeged"]
[Date "2023.12.10"]
[Round "3.7"]
[White "Ohat, Imre"]
[Black "Vadkerti, Vince"]
[Result "1/2-1/2"]
[WhiteElo "1941"]
[BlackElo "1797"]
[PlyCount "120"]
[EventDate "2023.10.08"]
[EventType "team-tourn"]
[EventRounds "9"]
[EventCountry "HUN"]
[Source "chess.hu"]
[WhiteTeam "Maroczy SE II."]
[BlackTeam "Meritum Egyesulet"]
[WhiteTeamCountry "HUN"]
[BlackTeamCountry "HUN"]

1. d4 d5 2. Nf3 Nf6 3. e3 Bf5 4. c4 c6 5. Nc3 e6 6. Bd3 Bxd3 7. Qxd3 Bd6 8. O-O
Nbd7 9. b3 O-O 10. Bb2 Qe7 11. e4 dxe4 12. Nxe4 Nxe4 13. Qxe4 Nf6 14. Qe2 Ba3
15. Rab1 Bxb2 16. Rxb2 Rad8 17. Rd1 Rfe8 18. Rbd2 c5 19. h3 cxd4 20. Nxd4 Qb4
21. Nc2 Rxd2 22. Qxd2 Qxd2 23. Rxd2 Kf8 24. f3 Ke7 25. Kf2 Rd8 26. Rxd8 Kxd8
27. Nd4 Kd7 28. Ke3 a6 29. f4 Kd6 30. b4 Ne8 31. Nf3 f6 32. Kd4 Nc7 33. g3 Kc6
34. Ne1 Ne8 35. Nd3 Nd6 36. g4 b5 37. c5 Nc4 38. g5 Na3 39. Ne1 Nc4 40. Nf3 a5
41. bxa5 Nxa5 42. Nd2 Nb7 43. Nb3 Nd8 44. h4 Nb7 45. h5 h6 46. gxh6 gxh6 47. a3
Nxc5 48. Nxc5 e5+ 49. fxe5 fxe5+ 50. Kxe5 Kxc5 51. Kf6 Kc4 52. Kg6 Kb3 53. Kxh6
Kxa3 54. Kg5 b4 55. h6 b3 56. h7 b2 57. h8=Q b1=Q 58. Qa8+ Kb2 59. Qb7+ Kc1 60.
Qxb1+ Kxb1 1/2-1/2

[Event "NB II. Toth Laszlo csoport"]
[Site "Szeged"]
[Date "2023.12.10"]
[Round "3.8"]
[White "Farkas, Sandor"]
[Black "Bernath, Robert"]
[Result "1-0"]
[WhiteElo "1894"]
[BlackElo "1896"]
[PlyCount "119"]
[EventDate "2023.10.08"]
[EventType "team-tourn"]
[EventRounds "9"]
[EventCountry "HUN"]
[Source "chess.hu"]
[WhiteTeam "Meritum Egyesulet"]
[BlackTeam "Maroczy SE II."]
[WhiteTeamCountry "HUN"]
[BlackTeamCountry "HUN"]

1. b3 Nf6 2. Bb2 g6 3. Nf3 Bg7 4. c4 c5 5. e3 O-O 6. Be2 Nc6 7. O-O b6 8. d3
Bb7 9. Nbd2 d5 10. cxd5 Qxd5 11. a3 Rad8 12. Qc2 Rfe8 13. Rad1 e5 14. Ne4 Na5
15. Nfd2 Nxe4 16. dxe4 Qe6 17. Bc3 Nc6 18. Bc4 Qe7 19. Qb2 a6 20. Nf3 b5 21.
Rxd8 Rxd8 22. Bd5 b4 23. axb4 cxb4 24. Bd2 a5 25. Rc1 Qd7 26. Ng5 Rf8 27. Qc2
Ne7 28. Bxb7 Qxb7 29. Qc7 Qxc7 30. Rxc7 Bf6 31. Nf3 Rd8 32. Rc5 Rd3 33. Rxa5
Rxb3 34. Rb5 Rb1+ 35. Be1 b3 36. Kf1 Kg7 37. Nd2 Rb2 38. Ke2 Nc8 39. Kd3 Nd6
40. Rd5 Ne8 41. Kc3 Rc2+ 42. Kxb3 Rc1 43. Nf3 Nc7 44. Rd2 Ne6 45. Kb2 Rc4 46.
Kb3 Rxe4 47. Rd5 Ng5 48. Nd2 Rg4 49. g3 Nh3 50. Nc4 Rg5 51. Nd6 Kg8 52. e4 h5
53. Bd2 Nxf2 54. Bxg5 Bxg5 55. Rxe5 Bf6 56. Re8+ Kg7 57. e5 Bg5 58. h4 Be3 59.
Re7 Bc5 60. Rxf7+ 1-0

[Event "NB II. Toth Laszlo csoport"]
[Site "Szeged"]
[Date "2023.12.10"]
[Round "3.9"]
[White "Pluhar, Andras"]
[Black "Havasi, Mate Pal"]
[Result "1-0"]
[WhiteElo "1786"]
[BlackElo "1694"]
[PlyCount "75"]
[EventDate "2023.10.08"]
[EventType "team-tourn"]
[EventRounds "9"]
[EventCountry "HUN"]
[Source "chess.hu"]
[WhiteTeam "Maroczy SE II."]
[BlackTeam "Meritum Egyesulet"]
[WhiteTeamCountry "HUN"]
[BlackTeamCountry "HUN"]

1. e4 e6 2. d4 d5 3. Nc3 Bb4 4. e5 c5 5. a3 cxd4 6. axb4 dxc3 7. bxc3 Qc7 8.
Nf3 Qxc3+ 9. Bd2 Qc7 10. Bd3 Nc6 11. Qe2 Nge7 12. b5 Nd8 13. O-O b6 14. Rfc1
Ng6 15. c4 d4 16. h4 Bb7 17. h5 Ne7 18. Nxd4 a6 19. Bb4 a5 20. Bd6 Qd7 21. c5
bxc5 22. Rxc5 Nd5 23. Qd2 f6 24. Rac1 Nf7 25. Rc7 Nxc7 26. Rxc7 fxe5 27. Rxd7
Kxd7 28. Nxe6 Kxe6 29. Bc4+ Kf6 30. Bxf7 Kxf7 31. Bxe5 Rhe8 32. Qf4+ Ke6 33.
Bxg7 a4 34. Qf6+ Kd7 35. Qd4+ Ke6 36. Qb6+ Kf5 37. Qf6+ Ke4 38. Qf3# 1-0

[Event "NB II. Toth Laszlo csoport"]
[Site "Szeged"]
[Date "2023.12.10"]
[Round "3.10"]
[White "Karman, Gergely"]
[Black "Tornyai, Jeno"]
[Result "1/2-1/2"]
[WhiteElo "1683"]
[BlackElo "1765"]
[PlyCount "211"]
[EventDate "2023.10.08"]
[EventType "team-tourn"]
[EventRounds "9"]
[EventCountry "HUN"]
[Source "chess.hu"]
[WhiteTeam "Meritum Egyesulet"]
[BlackTeam "Maroczy SE II."]
[WhiteTeamCountry "HUN"]
[BlackTeamCountry "HUN"]

1. e4 d5 2. exd5 Nf6 3. d4 Nxd5 4. c4 Nb6 5. Nc3 e5 6. dxe5 Qxd1+ 7. Nxd1 Nc6
8. f4 Be6 9. Ne3 Bc5 10. b3 O-O-O 11. Nf3 Rhe8 12. Be2 f6 13. O-O Nd4 14. Bd1
Nxf3+ 15. Bxf3 Bd4 16. Rb1 Bf5 17. Rb2 Bxb2 18. Bxb2 Bd3 19. Bg4+ Kb8 20. Re1
fxe5 21. Bxe5 Be4 22. Nd1 Bc6 23. Nc3 Nd7 24. Bxd7 Rxd7 25. b4 Rd2 26. b5 Bd7
27. Nd5 Kc8 28. Re3 c6 29. bxc6 Bxc6 30. Ra3 Bxd5 31. cxd5 Rxd5 32. Rxa7 g6 33.
Kf2 Re6 34. Ra8+ Kd7 35. a4 Ra6 36. Rh8 h5 37. Rh7+ Kc6 38. Rg7 Rxa4 39. Rxg6+
Kc5 40. Re6 Rd2+ 41. Kf3 Ra3+ 42. Ke4 Re2+ 43. Kf5 Raa2 44. Kf6 Rxg2 45. f5 Ra8
46. Kf7 Rgg8 47. Bd6+ Kd5 48. Be7 b5 49. Rg6 Rgb8 50. f6 b4 51. Rg5+ Ke4 52.
Bd6 Rb6 53. Re5+ Kd4 54. Ke7 Rxd6 55. Rb5 Rxf6 56. Kxf6 Kc3 57. h4 b3 58. Kg6
b2 59. Kxh5 Ra5 60. Rxa5 b1=Q 61. Rg5 Kd4 62. Kh6 Qh1 63. h5 Qc6+ 64. Rg6 Qd7
65. Rg7 Qf5 66. Rg6 Qf7 67. Rg4+ Ke5 68. Rg5+ Ke6 69. Rg6+ Kf5 70. Rg5+ Kf4 71.
Rg4+ Kf3 72. Rg6 Qf8+ 73. Kh7 Qf7+ 74. Kh6 Kf4 75. Rg4+ Ke5 76. Rg5+ Ke6 77.
Rg6+ Kf5 78. Rg5+ Ke4 79. Rg4+ Kf3 80. Rg6 Qe7 81. Rg7 Qf8 82. Kg6 Kg4 83. Kh7+
Kxh5 84. Rg5+ Kh4 85. Rh5+ Kg4 86. Rg5+ Kf4 87. Rg7 Kf5 88. Rg5+ Kf4 89. Rg7
Qf5+ 90. Kg8 Ke5 91. Re7+ Kd6 92. Rg7 Ke6 93. Kh8 Qf8+ 94. Kh7 Qe8 95. Rg6+ Kf5
96. Rg3 Qf7+ 97. Kh8 Qc4 98. Rg7 Kf6 99. Rg6+ Kf5 100. Rg7 Qd4 101. Kg8 Qd8+
102. Kh7 Qe8 103. Rg1 Qh5+ 104. Kg7 Qe2 105. Rg6 Qe5+ 106. Kh7 1/2-1/2

[Event "NB II. Toth Laszlo csoport"]
[Site "Szeged"]
[Date "2023.12.10"]
[Round "3.11"]
[White "Szamko, Hanna"]
[Black "Havasi, Huba Laszlo"]
[Result "1-0"]
[WhiteElo "1647"]
[BlackElo "1642"]
[PlyCount "118"]
[EventDate "2023.10.08"]
[EventType "team-tourn"]
[EventRounds "9"]
[EventCountry "HUN"]
[Source "chess.hu"]
[WhiteTeam "Maroczy SE II."]
[BlackTeam "Meritum Egyesulet"]
[WhiteTeamCountry "HUN"]
[BlackTeamCountry "HUN"]

1. d4 e6 2. c4 d5 3. Nc3 Nf6 4. Bg5 Be7 5. e3 h6 6. Bh4 O-O 7. Nf3 c6 8. Bd3
dxc4 9. Bxc4 Nbd7 10. Rc1 Nd5 11. Bxe7 Qxe7 12. O-O N7f6 13. Re1 Qb4 14. Bb3
Rd8 15. a3 Qa5 16. Qc2 Bd7 17. Ne5 Rac8 18. Ne4 b6 19. Nd6 Rc7 20. Ndxf7 Rf8
21. Nd6 c5 22. Qd3 cxd4 23. Qxd4 Rxc1 24. Rxc1 Be8 25. Ng6 Bxg6 26. f3 Kh8 27.
e4 Nf4 28. Qe3 e5 29. g3 Nh3+ 30. Kg2 Ng5 31. Qe2 b5 32. Nxb5 Rb8 33. Bc4 a6
34. Nc3 Qb6 35. Rc2 a5 36. Rd2 Ne6 37. Nd5 Nxd5 38. exd5 Ng5 39. Qxe5 Re8 40.
Qd4 Qb7 41. h4 Nh7 42. d6 Rd8 43. Qc5 Be8 44. Qxa5 Qc8 45. b4 Rd7 46. Be6 Qc3
47. Qd5 Nf6 48. Qd3 Qxd3 49. Rxd3 Rb7 50. Bc4 Bd7 51. g4 g5 52. hxg5 hxg5 53.
b5 Kg7 54. a4 Rb8 55. a5 Ne8 56. a6 Nxd6 57. Rxd6 Bxb5 58. a7 Ra8 59. Bxb5 Rxa7
1-0

[Event "NB II. Toth Laszlo csoport"]
[Site "Szeged"]
[Date "2023.12.10"]
[Round "3.12"]
[White "Vad, Roland Tibor"]
[Black "Kaizer, Peter"]
[Result "1/2-1/2"]
[WhiteElo "1579"]
[BlackElo "1498"]
[PlyCount "51"]
[EventDate "2023.10.08"]
[EventType "team-tourn"]
[EventRounds "9"]
[EventCountry "HUN"]
[Source "chess.hu"]
[WhiteTeam "Meritum Egyesulet"]
[BlackTeam "Maroczy SE II."]
[WhiteTeamCountry "HUN"]
[BlackTeamCountry "HUN"]

1. Nf3 Nf6 2. b3 d5 3. Bb2 Bf5 4. e3 e6 5. a3 Nbd7 6. d4 c5 7. c4 Be7 8. Nc3
dxc4 9. Bxc4 O-O 10. d5 Nb6 11. dxe6 Nxc4 12. exf7+ Kxf7 13. bxc4 Qxd1+ 14.
Rxd1 h6 15. O-O Kg8 16. Nd5 Nxd5 17. cxd5 Rad8 18. Be5 Bg4 19. d6 Bf6 20. Bxf6
Rxf6 21. Rd5 Bxf3 22. gxf3 Rdxd6 23. Rxc5 Rxf3 24. Rc7 Rf7 25. Rfc1 Ra6 26.
R7c3 1/2-1/2

[Event "NB II. Toth Laszlo csoport"]
[Site "Kecskemet"]
[Date "2023.12.10"]
[Round "3.1"]
[White "Oltean, Cristian-Daniel"]
[Black "Keresztes, Richard"]
[Result "1-0"]
[WhiteElo "2048"]
[BlackElo "2205"]
[PlyCount "77"]
[EventDate "2023.10.08"]
[EventType "team-tourn"]
[EventRounds "9"]
[EventCountry "HUN"]
[Source "chess.hu"]
[WhiteTeam "Gyulai SE"]
[BlackTeam "TAKISZ SE"]
[WhiteTeamCountry "HUN"]
[BlackTeamCountry "HUN"]

1. e4 c5 2. Nf3 d6 3. d4 cxd4 4. Nxd4 Nf6 5. Nc3 a6 6. h3 e5 7. Nde2 b5 8. g4
Bb7 9. Bg2 Be7 10. O-O O-O 11. Be3 b4 12. Nd5 Nxd5 13. exd5 a5 14. Qd2 Nd7 15.
a3 Ba6 16. Rfe1 Bxe2 17. Qxe2 b3 18. cxb3 Bg5 19. Rac1 Bxe3 20. Qxe3 Rb8 21.
Rc4 h6 22. Rec1 Qg5 23. Qxg5 hxg5 24. Rc6 Rxb3 25. Rxd6 Nf6 26. Rc2 Rfb8 27.
Ra6 Rxb2 28. Rxb2 Rxb2 29. Rxa5 Rd2 30. Ra8+ Kh7 31. a4 e4 32. Ra5 g6 33. Ra7
Kg7 34. a5 Rxd5 35. a6 Ra5 36. Bf1 Ra1 37. Kg2 Nd5 38. Bc4 Nf4+ 39. Kh2 1-0

[Event "NB II. Toth Laszlo csoport"]
[Site "Kecskemet"]
[Date "2023.12.10"]
[Round "3.2"]
[White "Vamos, Viktor"]
[Black "Tamas, Kornel"]
[Result "1/2-1/2"]
[WhiteElo "2148"]
[BlackElo "2013"]
[PlyCount "41"]
[EventDate "2023.10.08"]
[EventType "team-tourn"]
[EventRounds "9"]
[EventCountry "HUN"]
[Source "chess.hu"]
[WhiteTeam "TAKISZ SE"]
[BlackTeam "Gyulai SE"]
[WhiteTeamCountry "HUN"]
[BlackTeamCountry "HUN"]

1. d4 Nf6 2. Bg5 Ne4 3. Bf4 d5 4. Nd2 Bf5 5. f3 Nf6 6. g4 Bg6 7. h4 h6 8. e3 e6
9. Nb3 Bd6 10. Ne2 Qe7 11. Bxd6 Qxd6 12. Nf4 Nbd7 13. Qd2 e5 14. Nxg6 fxg6 15.
O-O-O e4 16. Be2 O-O-O 17. f4 g5 18. Rdf1 gxh4 19. Rxh4 g5 20. Rhh1 Kb8 21. Kb1
1/2-1/2

[Event "NB II. Toth Laszlo csoport"]
[Site "Kecskemet"]
[Date "2023.12.10"]
[Round "3.3"]
[White "Gombos, Janos"]
[Black "Horvath, Jozsef"]
[Result "1/2-1/2"]
[WhiteElo "1951"]
[BlackElo "2041"]
[PlyCount "49"]
[EventDate "2023.10.08"]
[EventType "team-tourn"]
[EventRounds "9"]
[EventCountry "HUN"]
[Source "chess.hu"]
[WhiteTeam "Gyulai SE"]
[BlackTeam "TAKISZ SE"]
[WhiteTeamCountry "HUN"]
[BlackTeamCountry "HUN"]

1. e4 c5 2. Nc3 a6 3. f4 e6 4. Nf3 Qc7 5. d3 d6 6. g3 b5 7. a3 Bb7 8. Bg2 Nd7
9. O-O Ngf6 10. Qe2 Rc8 11. h3 Be7 12. Bd2 b4 13. Nd1 a5 14. Ne3 Nb6 15. axb4
axb4 16. Kh2 O-O 17. g4 Ra8 18. g5 Nfd7 19. b3 Rxa1 20. Rxa1 Ra8 21. Qd1 Qb8
22. Qb1 Rxa1 23. Qxa1 Qa8 24. Qxa8+ Bxa8 25. h4 1/2-1/2

[Event "NB II. Toth Laszlo csoport"]
[Site "Kecskemet"]
[Date "2023.12.10"]
[Round "3.4"]
[White "Keresztes, Mark"]
[Black "Vereczkei, Laszlo Dr"]
[Result "1/2-1/2"]
[WhiteElo "1985"]
[BlackElo "1903"]
[PlyCount "74"]
[EventDate "2023.10.08"]
[EventType "team-tourn"]
[EventRounds "9"]
[EventCountry "HUN"]
[Source "chess.hu"]
[WhiteTeam "TAKISZ SE"]
[BlackTeam "Gyulai SE"]
[WhiteTeamCountry "HUN"]
[BlackTeamCountry "HUN"]

1. c4 f5 2. Nc3 Nf6 3. d4 e6 4. g3 d5 5. Bg2 c6 6. Qb3 Qb6 7. c5 Qxb3 8. axb3
Na6 9. Na4 Nb4 10. Kd1 Nd7 11. Bd2 Na6 12. Rc1 Be7 13. f4 Nf6 14. Nf3 Ne4 15.
Be1 Bd7 16. e3 O-O 17. Ne5 Be8 18. Bf3 Nb8 19. Rc2 Nd7 20. g4 Nxe5 21. dxe5 Rd8
22. Ba5 Rd7 23. Kc1 d4 24. gxf5 exf5 25. exd4 Rxd4 26. Re1 Bh4 27. Ree2 Bf7 28.
Bxe4 fxe4 29. Rcd2 Rxd2 30. Bxd2 Bxb3 31. Rxe4 Rd8 32. Nc3 a5 33. Re2 Rd4 34.
Re4 Rd3 35. Re3 Rd4 36. Re4 Rd3 37. Re3 Rd4 1/2-1/2

[Event "NB II. Toth Laszlo csoport"]
[Site "Kecskemet"]
[Date "2023.12.10"]
[Round "3.6"]
[White "Szili, Istvan"]
[Black "Cretu, Sorin-Alexandru"]
[Result "1/2-1/2"]
[WhiteElo "1950"]
[BlackElo "1715"]
[PlyCount "139"]
[EventDate "2023.10.08"]
[EventType "team-tourn"]
[EventRounds "9"]
[EventCountry "HUN"]
[Source "chess.hu"]
[WhiteTeam "TAKISZ SE"]
[BlackTeam "Gyulai SE"]
[WhiteTeamCountry "HUN"]
[BlackTeamCountry "HUN"]

1. e4 c5 2. Nf3 d6 3. c3 Nf6 4. Bc4 e6 5. Qe2 a6 6. O-O Nc6 7. d4 d5 8. exd5
Nxd5 9. Rd1 b5 10. Bb3 c4 11. Bc2 Be7 12. b3 Na5 13. b4 Nc6 14. a4 Bb7 15. Be4
O-O 16. Qc2 g6 17. axb5 axb5 18. Rxa8 Bxa8 19. Na3 Na7 20. Qd2 Nxc3 21. Qxc3
Bxe4 22. Ne5 Bf6 23. f3 Bb7 24. Re1 Bg7 25. Bf4 Qd5 26. Nc2 Nc6 27. Nxc6 Bxc6
28. Be5 f6 29. Bg3 h5 30. Qe3 Re8 31. Bc7 Qd7 32. Bg3 Kf7 33. Ra1 Ra8 34. Rxa8
Bxa8 35. Qa3 Bc6 36. Qa5 e5 37. Qb6 e4 38. fxe4 Bxe4 39. Na3 f5 40. Nxb5 c3 41.
Bf4 c2 42. Be3 Bf8 43. Bg5 Be7 44. Bc1 Bxb4 45. Kf2 Bc6 46. Na7 Be4 47. Qxb4
Qxa7 48. g3 Qc7 49. Ke3 h4 50. Qc5 Qb8 51. Kf2 hxg3+ 52. hxg3 Qb3 53. Qc7+ Ke6
54. Qe5+ Kd7 55. Qg7+ Kc8 56. Qf8+ Kb7 57. Qe7+ Ka6 58. Qa3+ Qxa3 59. Bxa3 Kb5
60. Ke2 Kc4 61. Bb2 Kb3 62. Bc1 Ka2 63. Kd2 g5 64. Kc3 f4 65. gxf4 g4 66. Kd2
Kb1 67. Ba3 g3 68. Ke2 Ka2 69. Bc1 Kb3 70. f5 1/2-1/2

[Event "NB II. Toth Laszlo csoport"]
[Site "Kecskemet"]
[Date "2023.12.10"]
[Round "3.7"]
[White "Jako, Robert"]
[Black "Donko, Matyas"]
[Result "1-0"]
[WhiteElo "1759"]
[BlackElo "1884"]
[PlyCount "117"]
[EventDate "2023.10.08"]
[EventType "team-tourn"]
[EventRounds "9"]
[EventCountry "HUN"]
[Source "chess.hu"]
[WhiteTeam "Gyulai SE"]
[BlackTeam "TAKISZ SE"]
[WhiteTeamCountry "HUN"]
[BlackTeamCountry "HUN"]

1. d4 Nf6 2. Nf3 d5 3. e3 e6 4. c4 a6 5. Nc3 Be7 6. Bd3 dxc4 7. Bxc4 b5 8. Bd3
Nbd7 9. a3 c5 10. b3 Bb7 11. Bb2 O-O 12. O-O Rc8 13. Rc1 Qb6 14. Qe2 Rfd8 15.
Rfd1 Qa7 16. a4 b4 17. Nb1 Qa8 18. Nbd2 Nd5 19. Nc4 cxd4 20. Bxd4 Nc5 21. Bc2
Bf6 22. e4 Nf4 23. Qe3 Bxd4 24. Qxf4 Bc3 25. Nd6 Rxd6 26. Rxd6 Nxe4 27. Rdd1
Nf6 28. Bd3 Nd5 29. Qh4 Nf6 30. Qg3 g6 31. Ng5 Kg7 32. Rc2 Bd5 33. Rb1 Qc6 34.
Nf3 Re8 35. Nd4 Qb6 36. Ne2 Nh5 37. Qe3 Qb7 38. Nxc3 bxc3 39. Bf1 e5 40. Rxc3
Nf4 41. f3 Qb8 42. g3 Ne6 43. Bxa6 h6 44. Bc4 Bb7 45. Bxe6 Rxe6 46. b4 Rf6 47.
Rf1 Qd6 48. Rc5 Re6 49. a5 f5 50. b5 h5 51. a6 Ba8 52. Rfc1 f4 53. gxf4 exf4
54. Qc3+ Kh7 55. Rc8 Kh6 56. Rxa8 Qb6+ 57. Qc5 Re1+ 58. Kf2 Qe6 59. Rh8+ 1-0

[Event "NB II. Toth Laszlo csoport"]
[Site "Kecskemet"]
[Date "2023.12.10"]
[Round "3.9"]
[White "Budai, Mate"]
[Black "Kovacs, Laszlo"]
[Result "0-1"]
[WhiteElo "1436"]
[BlackElo "1823"]
[PlyCount "46"]
[EventDate "2023.10.08"]
[EventType "team-tourn"]
[EventRounds "9"]
[EventCountry "HUN"]
[Source "chess.hu"]
[WhiteTeam "Gyulai SE"]
[BlackTeam "TAKISZ SE"]
[WhiteTeamCountry "HUN"]
[BlackTeamCountry "HUN"]

1. c4 e5 2. e4 Nf6 3. Nc3 Bc5 4. d3 h6 5. Be3 Bxe3 6. fxe3 O-O 7. Nf3 Re8 8.
Be2 d6 9. O-O c6 10. Qd2 Qb6 11. Na4 Qc7 12. Nh4 Na6 13. Rac1 Be6 14. a3 Qd7
15. Nf5 Bxf5 16. exf5 d5 17. cxd5 Qxd5 18. Nc3 Qd6 19. Rcd1 Rad8 20. Kh1 Nc7
21. Qc2 Qc5 22. e4 Nb5 23. b4 Qxc3 0-1

[Event "NB II. Toth Laszlo csoport"]
[Site "Kecskemet"]
[Date "2023.12.10"]
[Round "3.10"]
[White "Botta, Tibor Dr"]
[Black "Major, Peter"]
[Result "1/2-1/2"]
[WhiteElo "1800"]
[BlackElo "1382"]
[PlyCount "22"]
[EventDate "2023.10.08"]
[EventType "team-tourn"]
[EventRounds "9"]
[EventCountry "HUN"]
[Source "chess.hu"]
[WhiteTeam "TAKISZ SE"]
[BlackTeam "Gyulai SE"]
[WhiteTeamCountry "HUN"]
[BlackTeamCountry "HUN"]

1. d4 Nf6 2. Nf3 g6 3. c4 Bg7 4. Nc3 O-O 5. e4 d6 6. h3 e5 7. d5 Nbd7 8. Bd3
Nc5 9. Be3 Nxd3+ 10. Qxd3 c5 11. O-O Nh5 1/2-1/2

[Event "NB II. Toth Laszlo csoport"]
[Site "Kecskemet"]
[Date "2023.12.10"]
[Round "3.11"]
[White "Gyenge, Gergo"]
[Black "Torok, Borbala"]
[Result "1/2-1/2"]
[WhiteElo "1462"]
[BlackElo "1745"]
[PlyCount "29"]
[EventDate "2023.10.08"]
[EventType "team-tourn"]
[EventRounds "9"]
[EventCountry "HUN"]
[Source "chess.hu"]
[WhiteTeam "Gyulai SE"]
[BlackTeam "TAKISZ SE"]
[WhiteTeamCountry "HUN"]
[BlackTeamCountry "HUN"]

1. e4 d5 2. exd5 Qxd5 3. Nc3 Qd8 4. Nf3 Bg4 5. Bc4 e6 6. O-O Nf6 7. d4 c6 8.
Be3 Bd6 9. h3 Bh5 10. Bg5 h6 11. Bxf6 Qxf6 12. Ne4 Qe7 13. Qd3 Nd7 14. Rfe1 O-O
15. Nxd6 1/2-1/2

[Event "NB II. Toth Laszlo csoport"]
[Site "Kecskemet"]
[Date "2023.12.10"]
[Round "3.12"]
[White "Eros, Mate"]
[Black "Godo, Csongor"]
[Result "1/2-1/2"]
[WhiteElo "1095"]
[BlackElo "1131"]
[PlyCount "41"]
[EventDate "2023.10.08"]
[EventType "team-tourn"]
[EventRounds "9"]
[EventCountry "HUN"]
[Source "chess.hu"]
[WhiteTeam "TAKISZ SE"]
[BlackTeam "Gyulai SE"]
[WhiteTeamCountry "HUN"]
[BlackTeamCountry "HUN"]

1. e4 e5 2. Nf3 Nc6 3. Bb5 d6 4. O-O Nf6 5. Nc3 h6 6. d4 Bd7 7. d5 Ne7 8. Bxd7+
Nxd7 9. b3 Nc5 10. Ba3 b6 11. Re1 Qd7 12. Bxc5 bxc5 13. Ne2 f5 14. exf5 Nxf5
15. c4 Be7 16. Nc3 O-O 17. Qc2 Nd4 18. Nxd4 cxd4 19. Ne4 c5 20. Rad1 a5 21. Qd3
1/2-1/2